Cơ sở cơ học máy : Dùng cho sinh viên các trường Đại học kỹ thuật và Cao đẳng kỹ thuật

Sách trình bày nguyên lý thiết kế lược đồ cấu trúc cơ cấu và máy, phương pháp phân tích động học, phương pháp phân tích lực của cơ cấu phẳng và những vấn đề động lực học máy.

Сохранить в:
Библиографические подробности
Главный автор: Ngô, Văn Quyết
Формат:
Язык:Undetermined
Опубликовано: Hà Nội Giao thông vận tải 2008
Предметы:
Метки: Добавить метку
Нет меток, Требуется 1-ая метка записи!
Thư viện lưu trữ: Trung tâm Học liệu Trường Đại học Cần Thơ
LEADER 00986nam a2200217Ia 4500
001 CTU_154804
008 210402s9999 xx 000 0 und d
020 |c 65000 
082 |a 620.1 
082 |b Q528/T.1 
100 |a Ngô, Văn Quyết 
245 0 |a Cơ sở cơ học máy : 
245 0 |b Dùng cho sinh viên các trường Đại học kỹ thuật và Cao đẳng kỹ thuật 
245 0 |c Ngô Văn Quyết 
260 |a Hà Nội 
260 |b Giao thông vận tải 
260 |c 2008 
520 |a Sách trình bày nguyên lý thiết kế lược đồ cấu trúc cơ cấu và máy, phương pháp phân tích động học, phương pháp phân tích lực của cơ cấu phẳng và những vấn đề động lực học máy. 
650 |a Mechanical engineering,Mechanics, applied 
904 |i Bạch Trúc 
980 |a Trung tâm Học liệu Trường Đại học Cần Thơ